| 000 | 00899cam a2200253 i 4500 | ||
|---|---|---|---|
| 001 | 20504150 | ||
| 003 | OSt | ||
| 005 | 20260129152557.0 | ||
| 008 | 180519s2019 mduab b 001 0 eng | ||
| 020 | _a9788125045335 | ||
| 040 |
_beng _cHDL |
||
| 082 | 0 | 0 |
_a940.2 Q1 _223 |
| 100 | 1 |
_aMason, David S. _q(David Stewart), _d1947- _eauthor. _91112766 |
|
| 245 | 1 | 2 |
_aA Concise History of Modern Europe : _bLiberty, Equality, Solidarity / _cDavid S. Mason. |
| 250 | _aFourth edition. | ||
| 264 | 1 |
_aNew Delhi ; _bOrient Blackswan Private Limited. _c2011. |
|
| 300 |
_axiv, 237 pages : _billustrations, maps ; _c24 cm |
||
| 651 | 0 |
_aIndia _xHistory _y1789-1900. _91112767 |
|
| 651 | 0 |
_aIndia _xHistory _y20th century. _91112768 |
|
| 651 | 0 |
_aIndia _xPolitics and government _y1789-1900. _91112769 |
|
| 651 | 0 |
_aIndia _xPolitics and government _y20th century. _91112770 |
|
| 942 | _cTEXL | ||
| 999 |
_c1678374 _d1678374 |
||